|
|
|
|
| LEADER |
00000nam a2200000 4500 |
| 008 |
170126b2014 cr ||||| |||| 00| | spa d |
| 999 |
|
|
|c 3361
|d 3361
|
| 020 |
|
|
|a 9789977152714
|
| 090 |
|
|
|a 06.03.06
|b 2244
|
| 100 |
1 |
|
|9 983
|a Piedra García, Luis Ángel
|
| 245 |
1 |
0 |
|a Fundamentos cognitivos y evolutivos de los procesos formativos en el contexto universitario /
|c Luis Ángel Piedra García
|
| 260 |
|
|
|a San José, Costa Rica :
|b Escuela de Formación Docente, Universidad de Costa Rica,
|c 2014
|
| 300 |
|
|
|a 74 páginas
|
| 650 |
1 |
4 |
|9 8
|a EDUCACIÓN SUPERIOR
|
| 650 |
1 |
4 |
|9 41
|a COGNICIÓN
|
| 650 |
1 |
4 |
|9 378
|a CULTURA
|
| 650 |
1 |
4 |
|9 920
|a DOCENCIA UNIVERSITARIA
|
| 942 |
|
|
|i 004025
|h 06.03.06 2244
|2 z
|c 01
|